Countries and Capitals that Share No Letters - Statistics

General Stats
  • This quiz has been taken 103 times
  • The average score is 11 of 16
Answer Stats
Continent Answer % Correct
South America Peru
92%
South America Lima
84%
South America Uruguay
84%
South America Montevideo
76%
South America Bolivia
72%
Oceania Fiji
72%
South America Sucre
66%
Europe Italy
65%
Europe Rome
64%
Asia Japan
62%
Oceania Suva
62%
Africa Egypt
61%
Africa Cairo
58%
Asia Tokyo
58%
Europe Liechtenstein
46%
Europe Vaduz
45%
No matching quizzes found
Score Distribution
Percent of People with Each Score
Percentile by Number Answered
Your Score History
You have not taken this quiz